Last pictures of celebrities before death #2 - Statistics

General Stats
  • This quiz has been taken 35 times
  • The average score is 9 of 16
Answer Stats
Picture Answer % Correct
Jimi Hendrix
93%
Hulk Hogan
90%
John Lennon
90%
Kurt Cobain
90%
Elvis Presley
87%
Mahatma Gandhi
83%
Bob Ross
67%
Freddie Mercury
60%
Audrey Hepburn
57%
Lucille Ball
47%
Dale Earnhardt
40%
Jim Morrison
37%
George Michael
33%
Brittany Murphy
30%
Nikola Tesla
10%
John Gotti
3%
No matching quizzes found
Score Distribution
Percent of People with Each Score
Percentile by Number Answered
Your Score History
You have not taken this quiz